Informalidad : (Registro nro. 11596)
[ vista simple ]
| 000 -LEADER | |
|---|---|
| fixed length control field | 01447nam a2200289Ia 4500 |
| 003 - CONTROL NUMBER IDENTIFIER | |
| control field | OSt |
| 005 - DATE AND TIME OF LATEST TRANSACTION | |
| control field | 20210426120138.0 |
| 008 - FIXED-LENGTH DATA ELEMENTS--GENERAL INFORMATION | |
| fixed length control field | 210310s2008 ck d gr 000 0 spa d |
| 020 ## - INTERNATIONAL STANDARD BOOK NUMBER | |
| International Standard Book Number | 9789589307237 |
| 040 ## - CATALOGING SOURCE | |
| Original cataloging agency | CO-JMCR |
| Transcribing agency | CO-JMCR |
| 041 0# - LANGUAGE CODE | |
| Language code of text/sound track or separate title | spa |
| 082 04 - DEWEY DECIMAL CLASSIFICATION NUMBER | |
| Classification number | 331.1204 / |
| Item number | B155i |
| Edition number | 23 |
| 100 1# - MAIN ENTRY--PERSONAL NAME | |
| Personal name | Perry, Guillermo E., |
| Relator term | autor |
| 9 (RLIN) | 7172 |
| 245 10 - TITLE STATEMENT | |
| Title | Informalidad : |
| Remainder of title | escape y exclusión / |
| Statement of responsibility, etc. | Guillermo E. Perry, William F. Maloney, Omar S. Arias, [y otros 3] |
| 260 ## - PUBLICATION, DISTRIBUTION, ETC. | |
| Place of publication, distribution, etc. | Bogotá : |
| Name of publisher, distributor, etc. | Mayol, |
| Date of publication, distribution, etc. | 2008 |
| 300 ## - PHYSICAL DESCRIPTION | |
| Extent | 230 páginas : |
| Other physical details | gráficas en blanco y negro ; |
| Dimensions | 27 cm. |
| 490 0# - SERIES STATEMENT | |
| Series statement | Estudios del Banco Mundial sobre América Latina y el Caribe |
| 504 ## - BIBLIOGRAPHY, ETC. NOTE | |
| Bibliography, etc. note | Bibliografía : páginas 228-230. |
| 505 ## - FORMATTED CONTENTS NOTE | |
| Formatted contents note | El sector informal: ¿Qué es por qué nos importa y cómo lo medimos? -- La razón de ser del trabajador informal --Informalidad ingresos y bienestar -- El mercado laboral informal en movimiento: dinámica, ciclos y tendencias --La dinámica de la microempresa y la informalidad. -- Informalidad, productividad y la firma. -- Informalidad, protección social y política contra la pobreza. -- El sector informal y el estado: instituciones, desigualdad y norma social. |
| 650 14 - SUBJECT ADDED ENTRY--TOPICAL TERM | |
| Topical term or geographic name entry element | Mercado de trabajo. |
| 9 (RLIN) | 25941 |
| 650 24 - SUBJECT ADDED ENTRY--TOPICAL TERM | |
| Topical term or geographic name entry element | Sector informal. |
| 9 (RLIN) | 37134 |
| 650 24 - SUBJECT ADDED ENTRY--TOPICAL TERM | |
| Topical term or geographic name entry element | Conflictos económicos. |
| 9 (RLIN) | 37135 |
| 650 24 - SUBJECT ADDED ENTRY--TOPICAL TERM | |
| Topical term or geographic name entry element | Rentas. |
| 9 (RLIN) | 6044 |
| 700 1# - ADDED ENTRY--PERSONAL NAME | |
| Personal name | Maloney, William F., |
| 9 (RLIN) | 37136 |
| 700 1# - ADDED ENTRY--PERSONAL NAME | |
| Personal name | Arias, Omar S., |
| 9 (RLIN) | 37137 |
| 942 ## - ADDED ENTRY ELEMENTS (KOHA) | |
| Source of classification or shelving scheme | Dewey Decimal Classification |
| Koha item type | Books |
| Withdrawn status | Lost status | Source of classification or shelving scheme | Damaged status | Not for loan | Home library | Current library | Shelving location | Date acquired | Source of acquisition | Full call number | Barcode | Date last seen | Copy number | Price effective from | Koha item type |
|---|---|---|---|---|---|---|---|---|---|---|---|---|---|---|---|
| Dewey Decimal Classification | Biblioteca Pública José María del Castillo y Rada | Biblioteca Pública José María del Castillo y Rada | General Stacks | 04/15/2018 | Donación | 331.1204 / B155i | 430000016 | 05/16/2024 | Ej.1 | 03/10/2021 | Books |